CHINA : THE QUALITY OF LIFE ( पु.वाचत नसल्याने रॅक मधून बाहेर ) (Record no. 367210)

MARC details
000 -LEADER
fixed length control field 01052nam a2200181Ia 4500
008 - FIXED-LENGTH DATA ELEMENTS--GENERAL INFORMATION
fixed length control field 100122s9999 xx 000 0 und d
082 ## - DEWEY DECIMAL CLASSIFICATION NUMBER
Item number 23576
Classification number 915.1
100 ## - MAIN ENTRY--PERSONAL NAME
Personal name BURCHETT
245 ## - TITLE STATEMENT
Title CHINA : THE QUALITY OF LIFE ( पु.वाचत नसल्याने रॅक मधून बाहेर )
260 ## - PUBLICATION, DISTRIBUTION, ETC. (IMPRINT)
Name of publisher, distributor, etc PENGUIN BOOKS
Date of publication, distribution, etc 1976
300 ## - PHYSICAL DESCRIPTION
Extent 312
520 ## - SUMMARY, ETC.
Summary, etc गेली दहा वर्ष पुस्तक वाचले गेले नसल्याने रॅक मधून काढण्यात आले आहे.
620 ## -
-- गेली दहा वर्ष पुस्तक वाचले गेले नसल्याने रॅक मधून काढण्यात आले आहे.
630 ## - SUBJECT ADDED ENTRY--UNIFORM TITLE
Uniform title CHINA : THE QUALITY OF LIFE ( पु.वाचत नसल्याने रॅक मधून बाहेर )
700 ## - ADDED ENTRY--PERSONAL NAME
Personal name ALLEY REWI
730 ## - ADDED ENTRY--UNIFORM TITLE
Uniform title CHINA : THE QUALITY OF LIFE ( पु.वाचत नसल्याने रॅक मधून बाहेर )
942 ## - ADDED ENTRY ELEMENTS (KOHA)
Koha item type Book
Holdings
Withdrawn status Lost status Damaged status Not for loan Home library Current library Date acquired Cost, normal purchase price Total Checkouts Full call number Barcode Date last seen Cost, replacement price Price effective from Koha item type Public note
        S.V. Pathak Library, Vile Parle S.V. Pathak Library, Vile Parle 05/04/1976 17.00   23576 SVPPARLE-23576 01/25/2010 17.00 01/25/2010 Book ", , General, NA"